Darling! The Pieter-Dirk Uys Story (Record no. 333129)
[ view plain ]
| 000 -LEADER | |
|---|---|
| fixed length control field | 00578nam a2200097Ia 4500 |
| 008 - FIXED-LENGTH DATA ELEMENTS--GENERAL INFORMATION | |
| fixed length control field | 170517s9999 xx 000 0 und d |
| 245 ## - TITLE STATEMENT | |
| Title | Darling! The Pieter-Dirk Uys Story |
| 300 ## - PHYSICAL DESCRIPTION | |
| Extent | Controversial South African political satirist Pieter-Dirk Uys allows writer/director Julian Shaw into his previously off-limits inner world. The result is a startling document of Pieter's work educating school children about their country's greatest threat, HIV/AIDS, and an unforgettable portrait... |
| 650 ## - SUBJECT ADDED ENTRY--TOPICAL TERM | |
| General subdivision | Art. |
| 856 ## - ELECTRONIC LOCATION AND ACCESS | |
| Uniform Resource Identifier | <a href="http://topdocumentaryfilms.com/darling-pieter-dirk-uys-story/">http://topdocumentaryfilms.com/darling-pieter-dirk-uys-story/</a> |
| Withdrawn status | Lost status | Damaged status | Home library | Current library | Date acquired | Total Checkouts | Date last seen | Price effective from | Koha item type |
|---|---|---|---|---|---|---|---|---|---|
| College Library | College Library | 05/17/2017 | 05/17/2017 | 05/17/2017 | Documentary Films |